000 00705nam a2200205 i 4500
001 128309
003 ES-MaACL
005 20250325063044.0
007 t|
008 070629s1971 fr a |||| | fre d
080 _a72 Gaudí, Antoni (083.824)
100 1 _aGaudí, Antoni,
_d1852-1926
_955994
245 1 0 _aGaudí
_b: pionniers du XXe siècle 2 : [exposición] Musée des Arts Décoratifs, Paris, 19 juin-27 septembre 1971.
260 _aParis :
_b[s.n.],
_c[1971]
300 _a118 p. :
_bil. ;
_c25 cm.
504 _aBibliografía.
600 1 4 _aGaudí, Antoni,
_d1852-1926
_955994
852 _aES-MaACL
_jE-11785
_z. - Biblioteca Jacinto Martínez Lacalle
999 _c128309
_d128309